000 00802nam a22002537a 4500
003 UA-OsUOA
001 23800
007 ta
008 20040128b un ||||| |||| 00| 0 ukr d
090 _a32(100)(08)
_bН73
942 _cBK
040 _aUA-OsUOA
_brus
_cUA-OsUOA
_dUA-OsUOA
245 _a"Новый порядок на века?" Политическая структура современного мира: состояние, проблемы, перспективы.
_cРед. С.А.Степанов А.Т.Никитин В.А.Гордиенко
300 _a136 с.
955 _a0
041 _arus
080 _a32(100)(08)
020 _a5-7383-0119-6
260 _aМосква
_bМНЭПУ
_c2000
246 3 1 _aВып.3.
_n
044 _aRU
650 7 _2UDC
999 _c310059
_d310059